Statistics for Eeveelutions Pokemon Quiz

Click here to take the quiz!

General Stats

  • This quiz has been taken 3,596 times
  • The average score is 8 of 9

Answer Stats

TypeAnswer% Correct
Normal (The Original Pokemon)Eevee
98%
FireFlareon
98%
ElectricJolteon
96%
DarkUmbreon
96%
WaterVaporeon
96%
IceGlaceon
92%
GrassLeafeon
92%
PsychicEspeon
89%
FairySylveon
87%

Score Distribution

Percentile by Number Answered

Percent of People with Each Score

Your Score History

You have not taken this quiz